[Event "Ponte de Lima op"]
[Site "Ponte de Lima"]
[Date "2024.04.11"]
[Round "4"]
[White "Demirkol, Kerim Calvelo"]
[Black "Milat, Marcel Victor"]
[Result "1/2-1/2"]
[WhiteElo "1841"]
[BlackElo "2169"]
[PlyCount "64"]
[EventDate "2024.04.09"]
[EventType "swiss"]
[EventRounds "9"]
[EventCountry "POR"]
[SourceTitle "CB17_2024"]
[SourceDate "2024.04.24"]
[SourceVersion "1"]
[SourceVersionDate "2024.04.24"]
[SourceQuality "1"]

1. d4 Nf6 2. c4 Nc6 3. Nc3 e5 4. d5 Ne7 5. Bg5 Ng6 6. e3 h6 7. Bxf6 Qxf6 8. Bd3 Bb4 9. Qb3 a5 10. Nf3 d6 11. 0-0-0 Bxc3 12. Qxc3 Bg4 13. Be2 Nh4 14. Rhg1 0-0 15. Qc2 Bxf3 16. Bxf3 Nxf3 17. gxf3 Qxf3 18. Rg3 Qh5 19. Rdg1 g6 20. f4 Kh8 21. f5 Qxf5 22. Qxf5 gxf5 23. Rh3 Kh7 24. Rg5 f4 25. exf4 f5 26. fxe5 dxe5 27. Rhh5 f4 28. Rxe5 f3 29. Re1 f2 30. Rf1 Rae8 31. Kd2 Re4 32. b3 a4 1/2-1/2

[Event "Budapest FS02 Nadassy"]
[Site "Budapest"]
[Date "2024.02.13"]
[Round "10.4"]
[White "Kis, Bela"]
[Black "Demirkol, Kerim Calvelo"]
[Result "1-0"]
[WhiteElo "1892"]
[BlackElo "1806"]
[PlyCount "69"]
[EventDate "2024.02.03"]
[EventType "tourn"]
[EventRounds "12"]
[EventCountry "HUN"]
[SourceTitle "CB08_2024"]
[SourceDate "2024.02.21"]
[SourceVersion "1"]
[SourceVersionDate "2024.02.21"]
[SourceQuality "1"]
[WhiteTeam "Team Higher Elo"]
[BlackTeam "Team Lower Elo"]
[WhiteTeamCountry "HUN"]
[BlackTeamCountry "HUN"]

1. d4 Nf6 2. c4 g6 3. Nc3 Bg7 4. e4 d6 5. f3 0-0 6. Be3 c5 7. d5 e6 8. Qd2 exd5 9. cxd5 a6 10. a4 Re8 11. Nge2 Nbd7 12. Ng3 Qe7 13. Be2 Ne5 14. 0-0 Bd7 15. h4 b5 16. axb5 axb5 17. Nxb5 Rxa1 18. Rxa1 Bxb5 19. Bxb5 Rb8 20. Qe2 Qb7 21. Ra5 Qc7 22. Ra6 c4 23. Ra7 Qd8 24. Bxc4 Nxc4 25. Qxc4 Rxb2 26. Qc6 Rb8 27. Nf1 Ne8 28. Qd7 Qf6 29. Nd2 g5 30. e5 Qxe5 31. Qxf7+ Kh8 32. Re7 Qa1+ 33. Kf2 Qa4 34. Ne4 h6 35. Kg1 1-0

[Event "Budapest FS02 Nadassy"]
[Site "Budapest"]
[Date "2024.02.11"]
[Round "8.6"]
[White "Gumanny, Evgeny"]
[Black "Demirkol, Kerim Calvelo"]
[Result "0-1"]
[WhiteElo "2130"]
[BlackElo "1806"]
[PlyCount "60"]
[EventDate "2024.02.03"]
[EventType "tourn"]
[EventRounds "12"]
[EventCountry "HUN"]
[SourceTitle "CB08_2024"]
[SourceDate "2024.02.21"]
[SourceVersion "1"]
[SourceVersionDate "2024.02.21"]
[SourceQuality "1"]
[WhiteTeam "Team Higher Elo"]
[BlackTeam "Team Lower Elo"]
[WhiteTeamCountry "HUN"]
[BlackTeamCountry "HUN"]

1. d4 Nf6 2. c4 g6 3. Nc3 Bg7 4. e4 d6 5. Nf3 0-0 6. Be2 e5 7. d5 a5 8. Bg5 h6 9. Bh4 Na6 10. Nd2 Bd7 11. b3 Nxe4 12. Bxd8 Nxc3 13. Qc1 Nxe2 14. Kxe2 Raxd8 15. Rd1 e4 16. Kf1 Bxa1 17. Qxa1 f5 18. Qd4 Nc5 19. a3 Rde8 20. b4 axb4 21. axb4 Nd3 22. c5 Bb5 23. Kg1 Nf4 24. Kh1 Re5 25. cxd6 cxd6 26. Qc3 Rxd5 27. Qb3 Rf7 28. g3 Rd3 29. Qb1 Nd5 30. Nb3 Nc3 0-1

[Event "Budapest FS02 Nadassy"]
[Site "Budapest"]
[Date "2024.02.07"]
[Round "5.3"]
[White "Ladanyi, Tibor"]
[Black "Demirkol, Kerim Calvelo"]
[Result "1-0"]
[WhiteElo "1967"]
[BlackElo "1806"]
[PlyCount "69"]
[EventDate "2024.02.03"]
[EventType "tourn"]
[EventRounds "12"]
[EventCountry "HUN"]
[SourceTitle "CB08_2024"]
[SourceDate "2024.02.21"]
[SourceVersion "1"]
[SourceVersionDate "2024.02.21"]
[SourceQuality "1"]
[WhiteTeam "Team Higher Elo"]
[BlackTeam "Team Lower Elo"]
[WhiteTeamCountry "HUN"]
[BlackTeamCountry "HUN"]

1. d4 Nf6 2. c4 g6 3. Nc3 Bg7 4. e4 d6 5. Be2 0-0 6. Nf3 Nbd7 7. 0-0 e5 8. Be3 h6 9. h3 Qe7 10. Qc2 c6 11. d5 Nc5 12. b4 Na6 13. a3 c5 14. Rab1 Nd7 15. Ne1 f5 16. f3 f4 17. Bf2 b6 18. Nb5 Bb7 19. Nd3 cxb4 20. axb4 Rfc8 21. Qb3 Nc7 22. Nc3 Kh7 23. c5 bxc5 24. bxc5 Ba6 25. c6 Rcb8 26. Qc2 Nb6 27. Nb2 Bc8 28. Rfc1 Na6 29. Nba4 Nc5 30. Nxc5 dxc5 31. Nb5 Ba6 32. Bxc5 Qf6 33. Nc7 Bxe2 34. Qxe2 Na4 35. Nxa8 1-0

[Event "Veliko Gradiste Silver Lake op-A"]
[Site "Veliko Gradiste"]
[Date "2023.06.24"]
[Round "8"]
[White "Aadith, R."]
[Black "Demirkol, Kerim Calvelo"]
[Result "1-0"]
[WhiteElo "1797"]
[BlackElo "1689"]
[PlyCount "47"]
[EventDate "2023.06.18"]
[EventType "swiss"]
[EventRounds "9"]
[EventCountry "SRB"]
[SourceTitle "CBM 215 Extra"]
[Source "ChessBase"]
[SourceDate "2023.09.30"]
[SourceVersion "1"]
[SourceVersionDate "2023.09.30"]
[SourceQuality "1"]

1. e4 c6 2. d4 d5 3. Nc3 dxe4 4. Nxe4 Nf6 5. Nxf6+ exf6 6. c3 Bd6 7. Bd3 0-0 8. Qc2 Re8+ 9. Ne2 h5 10. Be3 Nd7 11. 0-0-0 Nf8 12. h3 h4 13. Rdg1 Qc7 14. g3 Be6 15. c4 Qd7 16. gxh4 b5 17. c5 Bc7 18. Bh6 g6 19. h5 f5 20. Bxf8 Kxf8 21. hxg6 Bd5 22. Bxf5 Rxe2 23. g7+ Ke7 24. Qxe2+ 1-0

[Event "Veliko Gradiste Silver Lake op-A"]
[Site "Veliko Gradiste"]
[Date "2023.06.18"]
[Round "1"]
[White "Phatak, Aanjaneya"]
[Black "Demirkol, Kerim Calvelo"]
[Result "1-0"]
[WhiteElo "2115"]
[BlackElo "1689"]
[PlyCount "57"]
[EventDate "2023.06.18"]
[EventType "swiss"]
[EventRounds "9"]
[EventCountry "SRB"]
[SourceTitle "CBM 215 Extra"]
[Source "ChessBase"]
[SourceDate "2023.09.30"]
[SourceVersion "1"]
[SourceVersionDate "2023.09.30"]
[SourceQuality "1"]

1. e4 c6 2. d4 d5 3. Nd2 dxe4 4. Nxe4 Nf6 5. Nxf6+ exf6 6. c3 Bd6 7. Bd3 0-0 8. Qc2 Re8+ 9. Ne2 h5 10. Be3 Nd7 11. 0-0-0 Nb6 12. c4 Bc7 13. h3 f5 14. g4 fxg4 15. hxg4 Bxg4 16. Bf5 Nxc4 17. Bxg4 Nxe3 18. fxe3 hxg4 19. Qh7+ Kf8 20. Qh8+ Ke7 21. Qh4+ f6 22. Qxg4 Rg8 23. e4 Qd7 24. Qg6 Qe6 25. d5 cxd5 26. exd5 Qe3+ 27. Kb1 Be5 28. Nd4 Qg5 29. d6+ 1-0

[Event "Budapest FS05 Nadassy"]
[Site "Budapest"]
[Date "2023.05.11"]
[Round "6.3"]
[White "Demirkol, Kerim Calvelo"]
[Black "Kahn, Evarth"]
[Result "1/2-1/2"]
[WhiteElo "1746"]
[BlackElo "2004"]
[PlyCount "126"]
[EventDate "2023.05.06"]
[EventType "schev"]
[EventRounds "10"]
[EventCountry "HUN"]
[SourceTitle "CBM 214 Extra"]
[Source "ChessBase"]
[SourceDate "2023.07.31"]
[SourceVersion "1"]
[SourceVersionDate "2023.07.31"]
[SourceQuality "1"]
[WhiteTeam "B Team Lower Elo"]
[BlackTeam "A Team Higher Elo"]
[WhiteTeamCountry "HUN"]
[BlackTeamCountry "HUN"]

1. d4 g6 2. c4 Bg7 3. g3 d5 4. Bg2 dxc4 5. Nf3 c6 6. a4 Bg4 7. e3 e5 8. dxe5 Qxd1+ 9. Kxd1 Nd7 10. Kc2 Bf5+ 11. Kc3 Nxe5 12. Nxe5 Bxe5+ 13. Kxc4 0-0-0 14. Kb3 c5 15. Nc3 Ne7 16. e4 Be6+ 17. Kc2 Nc6 18. Be3 Nb4+ 19. Kc1 Bb3 20. Ra3 c4 21. Bxa7 Bxc3 22. bxc3 Na2+ 23. Rxa2 Bxa2 24. Bd4 Rhe8 25. Kb2 Bb3 26. Ra1 f5 27. e5 Re6 28. a5 g5 29. h4 g4 30. f4 gxf3 31. Bh3 Rf8 32. Rf1 Ra6 33. Bb6 Kd7 34. g4 Ke6 35. gxf5+ Kxe5 36. Rxf3 Ke4 37. Bg2 Rf7 38. f6 Ra8 39. Rg3+ Kf4 40. Rf3+ Kg4 41. Rf2 Rd7 42. Be4 Kxh4 43. Bxh7 Kg3 44. f7 Rf8 45. Bg8 Rd5 46. Rf6 Bd1 47. Bc7+ Kh4 48. Bd6 Rxd6 49. Rxd6 Bh5 50. Rd7 Bf3 51. Ka3 Kg5 52. Re7 Bc6 53. Kb4 Kf6 54. Rc7 Bd5 55. Kc5 Bf3 56. Kxc4 Kg7 57. Kb4 Be4 58. c4 Kf6 59. Kb5 Ra8 60. c5 Kg7 61. Re7 Bc6+ 62. Kb4 Rd8 63. Re1 Rd4+ 1/2-1/2